| 000 -LEADER |
| fixed length control field |
00791nam a2200265 a 4500 |
| 001 - CONTROL NUMBER |
| control field |
19814 |
| 003 - CONTROL NUMBER IDENTIFIER |
| control field |
BD-DhUAP |
| 005 - DATE AND TIME OF LATEST TRANSACTION |
| control field |
20200227115549.0 |
| 008 - FIXED-LENGTH DATA ELEMENTS--GENERAL INFORMATION |
| fixed length control field |
200227t19841982enka 001 0 eng d |
| 020 ## - INTERNATIONAL STANDARD BOOK NUMBER |
| International Standard Book Number |
9780262680431 |
| 040 ## - CATALOGING SOURCE |
| Original cataloging agency |
A4N |
| Transcribing agency |
A4N |
| Modifying agency |
BD-DhUAP |
| Language of cataloging |
Eng |
| 082 00 - DEWEY DECIMAL CLASSIFICATION NUMBER |
| Edition number |
23 |
| Classification number |
711.4 ROS |
| 100 1# - MAIN ENTRY--PERSONAL NAME |
| Personal name |
Rossi, Aldo. |
| 9 (RLIN) |
21209 |
| 245 14 - TITLE STATEMENT |
| Title |
The architecture of the city / |
| Statement of responsibility, etc. |
Aldo Rossi. |
| 260 ## - PUBLICATION, DISTRIBUTION, ETC. |
| Place of publication, distribution, etc. |
Cambridge, Mass. : |
| Name of publisher, distributor, etc. |
MIT Press, |
| Date of publication, distribution, etc. |
c1982 [Rerinting 19984]. |
| 300 ## - PHYSICAL DESCRIPTION |
| Extent |
201 pages : |
| Other physical details |
illustrations ; |
| Dimensions |
25 cm. |
| 490 ## - SERIES STATEMENT |
| Series statement |
Oppositions books. |
| 504 ## - BIBLIOGRAPHY, ETC. NOTE |
| Bibliography, etc. note |
Includes bibliographical references and index. |
| 526 ## - STUDY PROGRAM INFORMATION NOTE |
| Program name |
ARC |
| 650 #0 - SUBJECT ADDED ENTRY--TOPICAL TERM |
| Topical term or geographic name entry element |
City planning. |
| 9 (RLIN) |
21210 |
| 650 #0 - SUBJECT ADDED ENTRY--TOPICAL TERM |
| Topical term or geographic name entry element |
Architecture. |
| 9 (RLIN) |
21211 |
| 942 ## - ADDED ENTRY ELEMENTS (KOHA) |
| Source of classification or shelving scheme |
|
| Koha item type |
Book |